01097nam a2200253 a 450000100100000000500170001000800410002702000150006804000250008308200180010810000450012624501560017126000670032730000260039449000180042065000290043865000310046770000420049883000270054004900090056795201220057695201280069899900170082600001929220200929165956.0100531s1993 sp a 000 0 spa d a8478201483 aDO-SdBNPbspacBNPHU a861.44bG633a1 aGómez, Julio Antoniod1933-198894149010aAl oeste del la Kivú, los gorilas se suicidaban en manadas mumerosísimas /cJulio Antonio Gómez ; edición y prólogo Antonio Pérez Lasheras. aZaragoza, España :bInstituto Fernando el Católico,c1993. a67 p. :bil. ;c1993.1 aSan Jorgev66 4aPoesía española9631 4aLiteratura española96321 aPérez lasheras, Antonioeed.941491 0aSan Jorge ;v66914367 aBNGR 001054708MOaGRbGRcCTd2010-05-31iLF1l0o861.44 G633ap19292-10r2020-06-25w2020-06-25y4ZPréstamo en sala 001054728MOaGRbGRcCTd2010-05-31iLF1l0o861.44 G633ap19292-20r2020-06-25te. 2w2020-06-25y4ZPréstamo en sala c18810d18810